|
|
|
|
| LEADER |
00000naa0a2200000 4500 |
| 001 |
600726 |
| 005 |
20250205140836.0 |
| 035 |
|
|
|a (RuTPU)RU\TPU\tpu\25264
|
| 035 |
|
|
|a RU\TPU\book\286560
|
| 090 |
|
|
|a 600726
|
| 100 |
|
|
|a 20140610d2001 k y0rusy50 ca
|
| 101 |
0 |
|
|a rus
|
| 102 |
|
|
|a RU
|
| 200 |
1 |
|
|a Экспериментальное исследование вибрации исполнительного органа системы ориентации космического аппарата на базе двигателя-маховика
|f В. С. Дмитриев
|
| 210 |
|
|
|a Томск
|c Изд-во ТПУ
|d 2001
|
| 333 |
|
|
|a В фонде НТБ ТПУ отсутствует
|
| 461 |
|
|
|t Современные техника и технологии СТТ'2001
|o труды VII Международной научно-практической конференции студентов, аспирантов и молодых ученых, 26 февраля - 2 марта, 2001, Томск
|f Томский политехнический университет; под ред. А. С. Заворина
|d 2001
|
| 463 |
|
|
|t Т. 1
|v С. 139-141
|d 2001
|
| 610 |
1 |
|
|a системы ориентации
|
| 610 |
1 |
|
|a космические аппараты
|
| 610 |
1 |
|
|a ориентация
|
| 610 |
1 |
|
|a средства выведения
|
| 610 |
1 |
|
|a малые космические аппараты
|
| 610 |
1 |
|
|a труды учёных ТПУ
|
| 700 |
|
1 |
|a Дмитриев
|b В. С.
|c профессор, зав. кафедрой точного приборостроения (ТПС) ЭФФ, ТПУ
|c доктор технических наук
|f 1940-
|g Виктор Степанович
|3 (RuTPU)RU\TPU\pers\25818
|4 070
|
| 702 |
|
1 |
|a Емашов
|b Е. Н.
|4 070
|
| 702 |
|
1 |
|a Плотников
|b И. А.
|4 070
|
| 801 |
|
1 |
|a RU
|b 63413507
|c 20081203
|g PSBO
|
| 801 |
|
2 |
|a RU
|b 63413507
|c 20140610
|g RCR
|
| 942 |
|
|
|c BK
|